Management accounting for non-specialists / (Record no. 10591)
[ view plain ]
| 000 -LEADER | |
|---|---|
| fixed length control field | 00761nam a22002292 4500 |
| 001 - CONTROL NUMBER | |
| control field | 0000002432 |
| 005 - DATE AND TIME OF LATEST TRANSACTION | |
| control field | 20151217154333.0 |
| 008 - FIXED-LENGTH DATA ELEMENTS--GENERAL INFORMATION | |
| fixed length control field | 070411s xx 000 0 eng d |
| 020 ## - INTERNATIONAL STANDARD BOOK NUMBER | |
| International Standard Book Number | 8120313631 : |
| Terms of availability | KES 480 |
| 040 ## - CATALOGING SOURCE | |
| Original cataloging agency | KABU |
| Transcribing agency | KABU |
| 050 #0 - LIBRARY OF CONGRESS CALL NUMBER | |
| Classification number | HF5657.4 |
| Item number | .A87 |
| 100 1# - MAIN ENTRY--PERSONAL NAME | |
| Personal name | Atrill, Peter. |
| -- | 0000151794 |
| 245 10 - TITLE STATEMENT | |
| Title | Management accounting for non-specialists / |
| Statement of responsibility, etc. | Peter Atrill and Eddie McLaney. |
| 260 ## - PUBLICATION, DISTRIBUTION, ETC. (IMPRINT) | |
| Place of publication, distribution, etc. | New Delhi : |
| Name of publisher, distributor, etc. | Prentice Hall of India, |
| Date of publication, distribution, etc. | c1995. |
| 300 ## - PHYSICAL DESCRIPTION | |
| Extent | xiv, 330 p. : |
| Other physical details | ill. ; |
| Dimensions | 24 cm. |
| 504 ## - BIBLIOGRAPHY, ETC. NOTE | |
| Bibliography, etc | Includes bibliographical references and index. |
| 650 #0 - SUBJECT ADDED ENTRY--TOPICAL TERM | |
| Topical term or geographic name as entry element | Managerial accounting. |
| -- | 0000151472 |
| 700 1# - ADDED ENTRY--PERSONAL NAME | |
| Personal name | McLaney, Eddie J. |
| -- | 0000151795 |
| 908 ## - PUT COMMAND PARAMETER (RLIN) | |
| Put command parameter | 070411 |
| 950 ## - LOCAL HOLDINGS (RLIN) | |
| -- | 1 |
| Withdrawn status | Lost status | Source of classification or shelving scheme | Not for loan | Home library | Current library | Date acquired | Total Checkouts | Full call number | Barcode | Date last seen | Date last checked out | Price effective from | Koha item type |
|---|---|---|---|---|---|---|---|---|---|---|---|---|---|
| Library of Congress Classification | Kabarak, Main Campus | Kabarak, Main Campus | 17/12/2015 | 3 | HF5657.4 .A87 | 003315 | 12/01/2023 | 21/11/2022 | 17/12/2015 | General Collection |